000
00240nam a2200097Ia 4500
001
873616
005
20250826181300.0
008
250824s9999 xx 000 0 und d
245
0
_a
MOĞOL
_c
AHMET HALDUN TERZİOĞLU
260
_b
PANAMA YAYINLARI
999
_c
873616
_d
873616